[Event "ROM-ch U10"]
[Site "Calimanesti"]
[Date "2015.03.31"]
[Round "2"]
[White "Buca, Dragos Stefan"]
[Black "Predescu, Sebastian Ion"]
[Result "0-1"]
[WhiteElo "1098"]
[BlackElo "1394"]
[PlyCount "120"]
[EventDate "2015.03.30"]
[EventType "swiss"]
[EventRounds "9"]
[EventCountry "ROU"]
[SourceTitle "CBM 165 Extra"]
[Source "ChessBase"]
[SourceDate "2015.04.21"]
[SourceVersion "1"]
[SourceVersionDate "2015.04.21"]
[SourceQuality "1"]

1. e4 c5 2. Nc3 d6 3. f4 Nc6 4. Nf3 e6 5. Bc4 Nge7 6. a3 g6 7. d4 cxd4 8. Nxd4 Bg7 9. Be3 0-0 10. 0-0 a6 11. a4 b6 12. Qd3 Qc7 13. Rad1 Rd8 14. f5 Ne5 15. Qe2 Nxc4 16. f6 Nxe3 17. Qxe3 Bb7 18. fxg7 Kxg7 19. Qf2 Nc6 20. Qf6+ Kg8 21. Nxc6 Bxc6 22. Rd2 Rd7 23. Rfd1 Qd8 24. Qxd8+ Raxd8 25. b4 Kf8 26. b5 axb5 27. axb5 Bb7 28. e5 d5 29. Na4 Ba8 30. Nxb6 Rb7 31. Nxa8 Rxa8 32. Rb1 Rab8 33. c4 dxc4 34. Rc2 Rxb5 35. Rxb5 Rxb5 36. Rxc4 Rxe5 37. Kf2 Rf5+ 38. Kg3 h5 39. h4 Kg7 40. Kh3 Kf6 41. g3 Rf3 42. Kg2 Ra3 43. Rf4+ Kg7 44. Kh3 f5 45. Rb4 Ra7 46. Kg2 e5 47. Kf3 e4+ 48. Kf4 Re7 49. Rb3 Kf6 50. Rb6+ Re6 51. Rb3 Ke7 52. Rb7+ Kd6 53. Rb6+ Kd5 54. Rb5+ Kc4 55. Rb1 e3 56. Re1 Kd3 57. Kf3 Kd2 58. Re2+ Kd3 59. Re1 e2 60. Kf2 Kd2 0-1